Statistics for Germany Squad FIFA World Cup 2010 Football / Soccer

Click here to take the quiz!

General Stats

  • This quiz has been taken 348 times
  • The average score is 15 of 24

Answer Stats

No.Pos.ClubName% Correct
1GKFC Schalke 04Manuel Neuer
99%
11FWFC Bayern MünchenMiroslav Klose
92%
20DFManchester CityJérôme Boateng
89%
16DFFC Bayern MünchenPhilipp Lahm
89%
13FWFC Bayern MünchenThomas Müller
89%
7MFFC Bayern MünchenBastian Schweinsteiger
86%
10FW1. FC KölnLukas Podolski
86%
8MFSV Werder BremenMesut Özil
79%
23FWFC Bayern MünchenMario Gomez
77%
6MFVfB StuttgartSami Khedira
67%
18MFFC Bayern MünchenToni Kroos
67%
17DFSV Werder BremenPer Mertesacker
64%
Coach------Joachim Löw
64%
12GKSV Werder BremenTim Wiese
50%
22GKFC Bayern MünchenHans-Jörg Butt
47%
2DFHamburger SVMarcell Jansen
46%
9FWBayer 04 LeverkusenStefan Kießling
41%
14DFFC Bayern MünchenHolger Badstuber
39%
3DFVfL WolfsburgArne Friedrich
39%
19FWVfB StuttgartCacau
38%
15MFHamburger SVPiotr Trochowski
30%
4DFHamburger SVDennis Aogo
27%
5DFVfB StuttgartSerdar Tasci
26%
21MFSV Werder BremenMarko Marin
23%

Score Distribution

Percentile by Number Answered

Percent of People with Each Score

Your Score History

You have not taken this quiz